000
00331nam a22001457a 4500
020
_a
81-8482-053-4
082
_a
823
_b
PAI, B
100
_a
PAI, ANANT
245
_a
BIRBAL THE WISE
260
_a
MUMBAI
_b
AMAR CHITHRA KATHA
300
_a
30
520
_a
ENGLISH SHORT STORY
650
_a
ENGLISH SHORT STORY
_z
MUMBAI
942
_c
BK
999
_c
5323
_d
5323